|
|
|
|
| LEADER |
00000nam0a2200000 4500 |
| 001 |
157444 |
| 005 |
20231031153805.0 |
| 010 |
|
|
|a 5020292753
|
| 020 |
|
|
|a RU
|b 92-2990
|
| 035 |
|
|
|a (RuTPU)RU\TPU\book\170783
|
| 090 |
|
|
|a 157444
|
| 100 |
|
|
|a 20090408d1991 m y0rusy5003 ca
|
| 101 |
0 |
|
|a rus
|
| 102 |
|
|
|a RU
|
| 105 |
|
|
|a y z 001zy
|
| 200 |
1 |
|
|a Каталитическое обезвреживание отходящих газов промышленных производств
|f Ю. Ш. Матрос, А. С. Носков, В. А. Чумаченко
|g Академия наук СССР (АН СССР), Сибирское отделение (СО), Институт катализа им. Г. К. Борескова (ИК) ; под ред. В. Н. Пармона
|
| 210 |
|
|
|a Новосибирск
|c Наука
|c Сиб. отд-ние
|d 1991
|
| 215 |
|
|
|a 221 с.
|
| 320 |
|
|
|a Библиогр. в конце глав
|
| 610 |
1 |
|
|a промышленные отходы
|
| 610 |
1 |
|
|a газовые выбросы
|
| 610 |
1 |
|
|a обезвреживание
|
| 610 |
1 |
|
|a очистка
|
| 610 |
1 |
|
|a каталитические методы
|
| 610 |
1 |
|
|a реверс-процесс
|
| 610 |
1 |
|
|a промышленные установки
|
| 610 |
1 |
|
|a нестандартные методы
|
| 675 |
|
|
|a 66.013.8
|z rus
|
| 700 |
|
1 |
|a Матрос
|b Ю. Ш.
|g Юрий Шаевич
|
| 701 |
|
1 |
|a Носков
|b А. С.
|g Александр Степанович
|
| 701 |
|
1 |
|a Чумаченко
|b В. А.
|g Виктор Анатольевич
|
| 702 |
|
1 |
|a Пармон
|b В. Н.
|4 340
|
| 712 |
0 |
2 |
|a Академия наук СССР (АН СССР)
|b Сибирское отделение (СО)
|b Институт катализа им. Г. К. Борескова (ИК)
|c (Новосибирск)
|2 stltpush
|3 (RuTPU)RU\TPU\col\11571
|
| 801 |
|
0 |
|a RU
|b RuMRKP
|c 19950417
|g psbo
|
| 801 |
|
1 |
|a RU
|b 63413507
|c 20090408
|g PSBO
|
| 801 |
|
2 |
|a RU
|b 63413507
|c 20100202
|g PSBO
|
| 942 |
|
|
|c BK
|